Welcome to CU Library Online Public Access Catalogue (OPAC)

Data analysis : (Record no. 1427)

MARC details
000 -LEADER
fixed length control field 00931cam a22002657a 4500
001 - CONTROL NUMBER
control field 17966606
005 - DATE AND TIME OF LATEST TRANSACTION
control field 20241122123556.0
008 - FIXED-LENGTH DATA ELEMENTS--GENERAL INFORMATION
fixed length control field 131209t20142014sz a b 001 0 eng d
020 ## - INTERNATIONAL STANDARD BOOK NUMBER
International Standard Book Number 9783319037615 (hbk.)
020 ## - INTERNATIONAL STANDARD BOOK NUMBER
International Standard Book Number 3319037617 (hbk.)
020 ## - INTERNATIONAL STANDARD BOOK NUMBER
Canceled/invalid ISBN 9783319037622 (eBook)
041 1# - LANGUAGE CODE
Language code of text/sound track or separate title eng
Language code of original ger
050 00 - LIBRARY OF CONGRESS CALL NUMBER
Classification number QA273
Item number .B86213 2014
082 04 - DEWEY DECIMAL CLASSIFICATION NUMBER
Classification number 519.2
Edition information 23
100 1# - MAIN ENTRY--PERSONAL NAME
Personal name Brandt, Siegmund,
Relator term author.
245 10 - TITLE STATEMENT
Title Data analysis :
Remainder of title statistical and computational methods for scientists and engineers /
Statement of responsibility, etc. Siegmund Brandt ; translated by Glen Cowan.
250 ## - EDITION STATEMENT
Edition statement Fourth edition.
260 ## - PUBLICATION, DISTRIBUTION, ETC.
Place of publication, distribution, etc. Switzerland
Name of publisher, distributor, etc. Springer International Publishing
Date of publication, distribution, etc. 2014
300 ## - PHYSICAL DESCRIPTION
Extent xx, 523 pages :
Other physical details illustrations ;
Dimensions 27 cm
650 #0 - SUBJECT ADDED ENTRY--TOPICAL TERM
Topical term or geographic name entry element Probabilities.
650 #0 - SUBJECT ADDED ENTRY--TOPICAL TERM
Topical term or geographic name entry element Mathematical statistics.
650 #7 - SUBJECT ADDED ENTRY--TOPICAL TERM
Topical term or geographic name entry element Mathematical statistics.
Source of heading or term fast
Authority record control number or standard number (OCoLC)fst01012127
650 #7 - SUBJECT ADDED ENTRY--TOPICAL TERM
Topical term or geographic name entry element Probabilities.
Source of heading or term fast
Authority record control number or standard number (OCoLC)fst01077737
942 ## - ADDED ENTRY ELEMENTS (KOHA)
Source of classification or shelving scheme Library of Congress Classification
Koha item type Books
Edition 4th Ed.
Suppress in OPAC No
999 ## -
-- 1427
-- 1427
Holdings
Withdrawn status Lost status Source of classification or shelving scheme Damaged status Not for loan Collection Home library Current library Shelving location Date acquired Total checkouts Full call number Barcode Date last seen Copy number Price effective from Koha item type
    Library of Congress Classification     Non-fiction Science Library (Miotso) Science Library (Miotso) General stacks 11/22/2024   QA273 .B86213 BRA SLM00000730 11/22/2024 1 11/22/2024 Books
    Library of Congress Classification     Non-fiction Science Library (Miotso) Science Library (Miotso) General stacks 11/22/2024   QA273 .B86213 BRA SLM00000731 11/22/2024 2 11/22/2024 Books
    Library of Congress Classification     Non-fiction Science Library (Miotso) Science Library (Miotso) General stacks 11/22/2024   QA273 .B86213 BRA SLM00000732 11/22/2024 3 11/22/2024 Books
    Library of Congress Classification     Non-fiction Science Library (Miotso) Science Library (Miotso) General stacks 11/22/2024   QA273 .B86213 BRA SLM00000733 11/22/2024 4 11/22/2024 Books
    Library of Congress Classification     Non-fiction Science Library (Miotso) Science Library (Miotso) General stacks 11/22/2024   QA273 .B86213 BRA SLM00000734 11/22/2024 5 11/22/2024 Books
© 2023-2024 Copyright: Central University Libraries. All Rights Reserved | Created by: Mahone Tech Office